[Event "Jack Collins Int Gp B"]
[Site "New York USA"]
[Date "2000.06.16"]
[Round "4"]
[White "Burnett,R"]
[Black "Gustafsson,J"]
[Result "0-1"]
[WhiteElo "2437"]
[BlackElo "2484"]

1.e4 c5 2.Nf3 d6 3.d4 cxd4 4.Nxd4 Nf6 5.Nc3 a6 6.g3 e5 7.Nde2 b5 8.Bg5 Nbd7
9.Nd5 Be7 10.Bxf6 Nxf6 11.Nec3 O-O 12.a4 Nxd5 13.Nxd5 Bb7 14.axb5 axb5 15.Bxb5 Bxd5
16.exd5 Qb6 17.c4 Rxa1 18.Qxa1 f5 19.O-O e4 20.b4 f4 21.Qe1 Qd4 22.Qd1 Qb2
23.Qg4 Rf6 24.Qc8+ Bf8 25.Bd7 g6 26.Qe8 Qe2 27.gxf4 Rxf4 28.Qe6+ Kg7 29.c5 Rf5
30.f4 Qg4+ 31.Kh1 Qe2 32.Kg1 dxc5 33.b5 c4 34.Qc6 Qg4+ 35.Kh1 Qe2 36.Kg1 Qe3+
37.Kh1 Rxf4 38.Rxf4 Qxf4 39.Qxc4 Bd6 40.Qe2 h5 41.Bh3 g5 42.Bf1 g4 43.h3 Kg6
44.Qg2 Kg5 45.b6 Kh4 46.b7 Qe3 47.Qb2 Qf3+ 48.Qg2 Qf4 49.Qe2 gxh3 50.Qe1+ Kg5
51.Qe2 Qg3 52.Qd2+ Kh4 53.Qe2 Kg5 54.Qd2+ Kg6 55.Qe2 Kg7 56.b8=Q Bxb8 57.d6 Ba7  0-1

[Event "ch-Quebec KO"]
[Site "Montreal CAN"]
[Date "2000.07.11"]
[Round "1.2"]
[White "Khassanov,M"]
[Black "Pneumonidis,P"]
[Result "1-0"]
[WhiteElo "2338"]
[BlackElo "2080"]

1.e4 c5 2.Nf3 d6 3.d4 cxd4 4.Nxd4 Nf6 5.Nc3 a6 6.g3 e5 7.Nb3 Be6 8.Bg2 Be7
9.O-O O-O 10.h3 Nbd7 11.Be3 b5 12.a4 Bc4 13.Re1 b4 14.Nd2 Be6 15.Nd5 Bxd5
16.exd5 Nb6 17.Nf1 Nc4 18.Bc1 Nd7 19.b3 Na5 20.Bd2 Rb8 21.Re4 f5 22.Rxb4 Nb7
23.a5 Bf6 24.Qe2 e4 25.Ra2 Nbc5 26.Rxb8 Nxb8 27.b4 Ncd7 28.Ne3 Bd4 29.c3 Ba7
30.Nc4 Qc7 31.Bf4 Rf6 32.Bf1 Ne5 33.Bxe5 dxe5 34.d6 Qc6 35.Nxe5 Qxd6 36.Qc4+ Re6
37.Qc8+  1-0

[Event "MTO Open"]
[Site "Biel SUI"]
[Date "2000.07.31"]
[Round "7"]
[White "Galkin,A"]
[Black "Kempinski,R"]
[Result "1/2-1/2"]
[WhiteElo "2587"]
[BlackElo "2498"]

1.e4 c5 2.Nf3 d6 3.d4 cxd4 4.Nxd4 Nf6 5.Nc3 a6 6.g3 e6 7.Bg2 Be7 8.O-O Qc7
9.a4 Nc6 10.Re1 O-O 11.Nb3 b6 12.f4 Rd8 13.Be3  1/2-1/2

[Event "ch-GBR"]
[Site "Millfield ENG"]
[Date "2000.08.07"]
[Round "7"]
[White "Stephenson,N"]
[Black "Collins,S"]
[Result "1/2-1/2"]
[WhiteElo "2241"]
[BlackElo "2172"]

1.e4 c5 2.Nf3 d6 3.d4 Nf6 4.Nc3 cxd4 5.Nxd4 a6 6.g3 e6 7.Bg2 Qc7 8.O-O Nc6
9.Re1 Bd7 10.Nxc6 bxc6 11.Na4 Rb8 12.c4 c5 13.Nc3 Be7 14.b3 O-O 15.Bf4 e5
16.Bg5 Bc6 17.Bxf6 Bxf6 18.Qd3 Bg5 19.Red1 Rfd8 20.Qe2 Qb7 21.Nd5 Bxd5 22.Rxd5 a5
23.Qd3 Be7 24.Bf3 a4 25.Bd1 Qb4 26.Bc2 a3 27.Rf1 Qb6  1/2-1/2

[Event "TCh-ESP"]
[Site "Barcelona ESP"]
[Date "2000.08.09"]
[Round "5"]
[White "Campora,D"]
[Black "Pablo Marin,A"]
[Result "0-1"]
[WhiteElo "2526"]
[BlackElo "2395"]

1.e4 c5 2.Nf3 d6 3.d4 cxd4 4.Nxd4 Nf6 5.Nc3 a6 6.g3 e5 7.Nde2 Nbd7 8.Bg2 Be7
9.a4 b6 10.O-O Bb7 11.Nd5 Nxd5 12.exd5 O-O 13.c4 a5 14.f4 Qc7 15.b3 exf4
16.Bxf4 Bf6 17.Rb1 Rfe8 18.g4 Be5 19.Kh1 Nc5 20.Qd2 Bc8 21.h3 h5 22.Bf3 hxg4
23.hxg4 Qe7 24.Kg2 Bxf4 25.Qxf4 Nd3 26.Qh2 Qxe2+ 27.Bxe2 Rxe2+ 28.Kg3 Rxh2
29.Kxh2 Bxg4 30.Rg1 Bf5 31.Rg3 Re8 32.Rf1 Re2+ 33.Kg1 Be4 34.Rd1 Nc5 35.Kf1 Rh2
36.Re1 Rh1+ 37.Kf2 Rxe1 38.Kxe1 Bc2 39.Re3 Kf8 40.Rh3 Bxb3  0-1

[Event "FSELOA August"]
[Site "Budapest HUN"]
[Date "2000.08.12"]
[Round "8"]
[White "Szabo,K"]
[Black "Berczes,D"]
[Result "1-0"]
[WhiteElo "2015"]
[BlackElo "2054"]

1.e4 c5 2.Nf3 d6 3.d4 cxd4 4.Nxd4 Nf6 5.Nc3 a6 6.g3 e5 7.Nde2 Be6 8.Bg2 b5
9.O-O Nbd7 10.a3 Rc8 11.h3 h6 12.Nd5 Nxd5 13.exd5 Bf5 14.Nc3 Be7 15.g4 Bg6
16.Be4 O-O 17.Bxg6 fxg6 18.Qd3 Kh7 19.Ne4 Rc4 20.Be3 Nf6 21.Nd2 Rc8 22.Rfd1 Qd7
23.c3 h5 24.g5 Ng8 25.Kg2 Qf5 26.Qxf5 gxf5 27.f4 Bd8 28.Nf3 Rc4 29.fxe5 Re4
30.Re1 dxe5 31.Nd2 Rh4 32.Bf2 Rf4 33.Rxe5 Bxg5 34.Be3 Bh6 35.Nf3 Re4 36.Bxh6 Rxe5
37.Nxe5 Nxh6 38.Rd1 Nf7 39.Nxf7 Rxf7 40.h4 Rd7 41.Kf3 Kg6 42.Kf4 Kf6 43.b3 Re7
44.Rd4 a5 45.d6 Rd7 46.c4 a4 47.c5 axb3 48.c6 b2 49.cxd7 b1=Q 50.d8=Q+ Kf7
51.Qd7+ Kg8 52.Qxf5 Qc1+ 53.Ke5 Qe3+ 54.Re4 Qc5+ 55.Ke6 Qc8+ 56.d7 Qa6+ 57.Ke7 Qxa3+
58.Ke8 Qa8+ 59.d8=Q  1-0

[Event "ECh-u20 Girls"]
[Site "Aviles ESP"]
[Date "2000.08.19"]
[Round "4"]
[White "Rohonyan,K"]
[Black "Sperdokli,E"]
[Result "1-0"]
[WhiteElo "2194"]
[BlackElo "2118"]

1.e4 c5 2.Nf3 d6 3.d4 cxd4 4.Nxd4 Nf6 5.Nc3 a6 6.g3 e5 7.Nde2 b5 8.Bg2 Bb7
9.O-O Be7 10.h3 O-O 11.Be3 Nbd7 12.g4 Nb6 13.b3 Rc8 14.Qd2 Qc7 15.Rac1 Rfe8
16.Nd5 Bxd5 17.exd5 Bf8 18.Ng3 g6 19.g5 Nfd7 20.Ne4 Bg7 21.h4 f5 22.gxf6 Nxf6
23.Ng5 Qb7 24.c4 Nbd7 25.Bh3 Nf8 26.Bxc8 Qxc8 27.f3 Qf5 28.cxb5 axb5 29.Rc7 e4
30.fxe4 Qg4+ 31.Qg2 h6 32.Bd4 hxg5 33.Rxg7+  1-0

[Event "ECh-u20 Girls"]
[Site "Aviles ESP"]
[Date "2000.08.26"]
[Round "10"]
[White "Ionica,I"]
[Black "Vega Gutierrez,S"]
[Result "1-0"]
[WhiteElo "2160"]
[BlackElo "2131"]

1.e4 c5 2.Nf3 d6 3.d4 cxd4 4.Nxd4 Nf6 5.Nc3 a6 6.g3 b5 7.Bg2 Bb7 8.O-O e6
9.a3 Nbd7 10.Re1 Qc7 11.f4 Be7 12.g4 Nb6 13.g5 Nfd7 14.f5 e5 15.Nde2 Nc5
16.Ng3 O-O-O 17.b4 Nca4 18.Nxa4 Nxa4 19.c4 Kb8 20.cxb5 axb5 21.Be3 Bc6 22.Rc1 Qb7
23.f6 gxf6 24.Nf5 Bf8 25.Qc2 Rc8 26.Red1 fxg5 27.Nxd6 Bxd6 28.Rxd6 Bd7 29.Bc5 Be6
30.Qd2 h6 31.Bf1 Ka8 32.Be2 Rhg8 33.Bd1 Nxc5 34.bxc5 Rc6 35.Be2 Rxd6 36.Qxd6 Rc8
37.Qxe5 Qc6 38.Qc3 Bd7 39.a4 b4 40.Qxb4 Rc7 41.Qa5+ Ra7 42.Qd8+ Qc8 43.Qxc8+ Bxc8
44.Bb5 Kb8 45.Kf2 Be6 46.Ke3 Kc7 47.Kd4 Ra8 48.Ke5 h5 49.Kf6 g4 50.Kg5 Rg8+
51.Kh4 Rh8 52.c6 f5 53.exf5 Bxf5 54.Rf1 Bg6 55.Rf6 Be8 56.Re6 Rg8 57.a5 Bg6
58.Re7+ Kb8 59.c7+  1-0

[Event "FIDE World Cup Gp C Playoffs"]
[Site "Shenyang CHN"]
[Date "2000.09.05"]
[Round "1.3"]
[White "Movsesian,S"]
[Black "Svidler,P"]
[Result "1-0"]
[WhiteElo "2666"]
[BlackElo "2689"]

1.e4 c5 2.Nf3 d6 3.d4 cxd4 4.Nxd4 Nf6 5.Nc3 a6 6.g3 e5 7.Nde2 b5 8.Bg2 Bb7
9.h3 Nbd7 10.g4 Be7 11.Ng3 b4 12.Nd5 Nxd5 13.exd5 O-O 14.O-O Qb8 15.a3 a5
16.Kh2 Rc8 17.f4 Qc7 18.Nf5 Bf8 19.Rf2 g6 20.Ng3 Nc5 21.Be3 exf4 22.Bxf4 Bg7
23.axb4 axb4 24.Rxa8 Rxa8 25.b3 Ba6 26.Qf3 Bd4 27.Be3 Be5 28.Bf4 Bc3 29.Bd2 Be5
30.Bxb4 Re8 31.Bc3 Bxg3+ 32.Qxg3 Nd3 33.cxd3 Qxc3 34.Qxd6 Bxd3 35.Qf4 Rf8
36.b4 Bc4 37.d6 Be6 38.b5 Qc5 39.Bc6 g5 40.Qg3 Rd8 41.Rd2 Qb4 42.Qd3 Qf4+
43.Kg2 Bc4 44.Qd4 Qf1+ 45.Kh2 Bxb5 46.Qe5 f6 47.Qc5 h6  1-0

[Event "Nordic Net Club Cup"]
[Site "Internet ICC"]
[Date "2000.09.16"]
[Round "4"]
[White "Gretarsson,H"]
[Black "Samuelsen,C"]
[Result "1-0"]
[WhiteElo "2563"]
[BlackElo "2055"]

1.e4 c5 2.Nf3 d6 3.d4 cxd4 4.Nxd4 Nf6 5.Nc3 a6 6.g3 g6 7.Bg2 Bg7 8.O-O O-O
9.h3 Qc7 10.Nd5 Nxd5 11.exd5 b5 12.Re1 Bb7 13.Bg5 Re8 14.a4 h6 15.Be3 bxa4
16.Rxa4 Nd7 17.Nc6 Nf6 18.Na5 Rac8 19.Qd2 Kh7 20.Rea1 Nd7 21.Bxh6 Bxb2 22.Rb1 Bc3
23.Qf4 Ba8 24.Qxf7+ Kh8 25.Rh4  1-0

[Event "EuYCh G14"]
[Site "Halkidiki GRE"]
[Date "2000.10.08"]
[Round "7"]
[White "Zdebskaja,N"]
[Black "Chistiakova,T"]
[Result "1/2-1/2"]
[WhiteElo "2172"]
[BlackElo "2065"]

1.e4 c5 2.Nf3 d6 3.d4 cxd4 4.Nxd4 Nf6 5.Nc3 a6 6.g3 g6 7.Bg2 Bg7 8.O-O O-O
9.a4 Qc7 10.Nd5 Nxd5 11.exd5 Nd7 12.b3 Qc3 13.Be3 Ne5 14.h3 h5 15.Ne2 Qc7
16.f4 Nd7 17.Bd4 Nf6 18.c4 Bf5 19.Nc3 Qd7 20.Kh2 Kh7 21.a5 h4 22.g4 Bxg4
23.hxg4 Qxg4 24.Qf3 Qg3+ 25.Qxg3 hxg3+ 26.Kg1 Nh5 27.Bxg7 Kxg7 28.Rf3 Rab8
29.Ne4 b5 30.axb6 Rxb6 31.Nxg3 Nf6 32.Ne2 Rfb8 33.Nd4 Ne4 34.Re3 Nd2 35.Rxe7 Nxb3
36.Nxb3 Rxb3 37.Rxa6 Rg3 38.Kf2 Rc3 39.Rc6 Rb2+ 40.Re2 Rb4 41.Rc7 Rbxc4 42.Rxc4 Rxc4
43.Re4 Rc2+ 44.Kg3 Kf6 45.Bf3 g5 46.Ra4 gxf4+ 47.Kxf4 Rc7 48.Ra6 Ke7 49.Be2 Rb7
50.Kf5 Rb2 51.Ra7+ Ke8 52.Bh5 Rf2+ 53.Ke4 Kf8 54.Ra3 Kg7 55.Rf3 Re2+ 56.Kd3 Re7
57.Kc4 Rc7+ 58.Kd4 Ra7 59.Rc3 Kf6 60.Rc6 Ra4+ 61.Rc4 Ra7 62.Ke4 Kg5 63.Be2 f5+
64.Kf3 Ra3+ 65.Kf2 Kf6 66.Bf3 Ke5 67.Kg3 Ra7 68.Rc2 Rg7+ 69.Kf2 Ra7 70.Re2+ Kf4
71.Bg2 Ra3 72.Re6 Ra2+ 73.Kg1 Ra6 74.Kh2 Rb6 75.Kh3 Rb7 76.Bf1 Rb1 77.Kg2 Rd1
78.Rxd6 Rd2+ 79.Kg1 Ke5 80.Rd8 Rxd5 81.Re8+ Kf4  1/2-1/2

[Event "34th Olympiad Women"]
[Site "Istanbul TUR"]
[Date "2000.10.29"]
[Round "2"]
[White "Mihevc,N"]
[Black "Aleksieva,S"]
[Result "0-1"]
[WhiteElo "2170"]
[BlackElo "2351"]

1.e4 c5 2.Nf3 d6 3.d4 cxd4 4.Nxd4 Nf6 5.Nc3 a6 6.g3 e6 7.Bg2 Be7 8.O-O Qc7
9.a4 Nc6 10.Kh1 O-O 11.h3 Re8 12.f4 Rb8 13.g4 Nxd4 14.Qxd4 b6 15.Qf2 Nd7
16.Be3 Bf8 17.Rad1 Bb7 18.f5 exf5 19.Nd5 Bxd5 20.Rxd5 f4 21.Qxf4 Ne5 22.Qf2 Rec8
23.c3 b5 24.axb5 axb5 25.Rfd1 b4 26.cxb4 Rxb4 27.Bd4 Ng6 28.Bc3 Rc4 29.Ra1 Rc5
30.Rd4 Qe7 31.Rad1 h5 32.Rd5 hxg4 33.hxg4 Rxd5 34.exd5 Qg5 35.Rd4 Be7 36.Bd2 Qe5
37.Bc3 Bh4 38.Qf5 Rxc3 39.bxc3 Qe1+ 40.Bf1 Bf2 41.Qd3 Bxd4 42.cxd4 Qh4+ 43.Qh3 Qxh3+
44.Bxh3 Nf4 45.Bf1 Nxd5 46.Kh2 Ne3 47.Be2 Nc2 48.d5 Ne3 49.Bf3 g5 50.Kg3 Kg7
51.Be4 Kf6 52.Kf3 Nc4  0-1

[Event "Chigorin Mem"]
[Site "St Petersburg RUS"]
[Date "2000.11.05"]
[Round "5"]
[White "Varavin,V"]
[Black "Dvoirys,S"]
[Result "0-1"]
[WhiteElo "2390"]
[BlackElo "2562"]

1.e4 c5 2.Nf3 d6 3.d4 cxd4 4.Nxd4 Nf6 5.Nc3 a6 6.g3 e5 7.Nde2 Nbd7 8.Bg2 b5
9.O-O Be7 10.h3 Nb6 11.g4 b4 12.Nd5 Nfxd5 13.exd5 f5 14.gxf5 Bxf5 15.Ng3 Bg6
16.Bd2 a5 17.Qg4 O-O 18.a3 Rc8 19.axb4 axb4 20.Ra7 Rxc2 21.Qxb4 Nc4 22.Bc3 Rf4
23.Nh5 Bxh5 24.Qa4 Ne3 25.Qa6 Bf8 26.fxe3 Qg5  0-1

[Event "Autumn Cup GM"]
[Site "Bucharest ROM"]
[Date "2000.12.03"]
[Round "13"]
[White "Matulovic,M"]
[Black "Florean,A"]
[Result "1/2-1/2"]
[WhiteElo "2433"]
[BlackElo "2441"]

1.e4 c5 2.Nf3 d6 3.d4 cxd4 4.Nxd4 Nf6 5.Nc3 a6 6.g3 e6 7.Bg2 Be7 8.O-O O-O
9.Be3 Bd7 10.a4 Nc6 11.Nxc6 Bxc6 12.a5 Qd7 13.Qe2 Rac8 14.Rfd1 e5 15.h3 h6
16.b3 Rfe8 17.Nd5 Bxd5 18.exd5 e4 19.c4 Nh7 20.Bxe4 Bf6 21.Bxh7+ Kxh7 22.Qd3+ Kg8
23.Bd4 Bxd4 24.Qxd4 Qxh3 25.Re1  1/2-1/2

[Event "XIII Carlos Torre Open"]
[Site "Merida MEX"]
[Date "2000.12.15"]
[Round "1"]
[White "Estrada Nieto,J"]
[Black "Vera,R"]
[Result "0-1"]
[WhiteElo "2397"]
[BlackElo "2584"]

1.e4 c5 2.Nf3 d6 3.d4 cxd4 4.Nxd4 Nf6 5.Nc3 a6 6.g3 e5 7.Nb3 Nbd7 8.Bg2 b5
9.a4 b4 10.Nd5 Nxd5 11.exd5 a5 12.O-O Be7 13.f4 O-O 14.fxe5 Nxe5 15.Nd4 Qb6
16.h3 Ba6 17.Re1 Nd3 18.Rxe7 Qxd4+ 19.Kh2 Qf6 20.Rc7 Nxb2 21.Qg4 Nc4 22.Rb1 Ne5
23.Qg5 Qf2 24.Qe3 Qxe3 25.Bxe3 Rfc8 26.Rxc8+ Rxc8 27.Rc1 Nc4 28.Bf4 Bb7 29.Re1 Kf8
30.Rb1 Ne5 31.Be4 Rc4 32.Bd3 Rc5 33.Bxe5 dxe5 34.d6 Rd5 35.Re1 f6 36.Bxh7 Rxd6
37.Re2 Bc6 38.Re1 Rd2+ 39.Kg1 Rg2+ 40.Kf1 Rxg3  0-1

[Event "Ambassador Open"]
[Site "Bern SUI"]
[Date "2000.12.27"]
[Round "2"]
[White "Trabert,B"]
[Black "De Andres,J"]
[Result "1-0"]
[WhiteElo "2259"]
[BlackElo "2038"]

1.e4 c5 2.Nf3 d6 3.d4 cxd4 4.Nxd4 Nf6 5.Nc3 a6 6.g3 b5 7.Bg2 Bb7 8.a4 b4
9.Nd5 e6 10.Nxf6+ Qxf6 11.O-O e5 12.Nb3 a5 13.Be3 Nd7 14.f4 Qe6 15.Qd2 Be7
16.Nxa5 exf4 17.Rxf4 g5 18.Rff1 Bxe4 19.Bxe4 Qxe4 20.Rae1 Ne5 21.Nb3 Qg6
22.Nd4 O-O 23.Nf5 Bf6 24.Qxd6 Rfd8 25.Ne7+ Bxe7 26.Qxe5 Rd7 27.Bd4 Rxd4 28.Qxd4 Rd8
29.Qe5 Qb6+ 30.Kh1 Qc6+ 31.Qe4  1-0

[Event "Anibal Open"]
[Site "Anibal Open ESP"]
[Date "2001.01.11"]
[Round "4"]
[White "Felgaer,R"]
[Black "Anastasian,A"]
[Result "1-0"]
[WhiteElo "2390"]
[BlackElo "2571"]

1.e4 c5 2.Nf3 d6 3.d4 cxd4 4.Nxd4 Nf6 5.Nc3 a6 6.g3 e5 7.Nde2 Be7 8.Bg2 Nbd7
9.h3 b5 10.O-O Bb7 11.g4 b4 12.Nd5 Nxd5 13.exd5 O-O 14.Ng3 Re8 15.Be3 Nb6
16.Qd2 a5 17.b3 Rb8 18.a3 a4 19.axb4 axb3 20.cxb3 h6 21.Ra5 Bg5 22.Bxg5 hxg5
23.Ne4 f6 24.Rc1 Nc8 25.Nc3 Ne7 26.Be4 Bc8 27.Nb5 f5 28.gxf5 Bxf5 29.Bg2 Ng6
30.Nc7 Nf4 31.Nxe8 Qxe8 32.Ra7 Rc8 33.Rc4 Kh7 34.Qe3 Kh6 35.Kh2 Rb8 36.Rcc7 Rxb4
37.Rxg7 Qd8 38.Rae7 Qf8 39.Rgf7 Qd8 40.Qg3 Nh5 41.Qc3 Rf4 42.Qc7 Qxc7 43.Rxc7 Kg6
44.Kg1 Rd4 45.Rf8 e4 46.Rc4 Rd1+ 47.Kh2 Nf4 48.Bxe4 Bxe4 49.Rxe4 Rd2 50.Kg3 Rxd5
51.Kg4 Rd1 52.Rg8+ Kf6 53.Rxg5  1-0

[Event "Anibal Open"]
[Site "Anibal Open ESP"]
[Date "2001.01.12"]
[Round "5"]
[White "Zhang Zhong"]
[Black "Zulfugaryi,M"]
[Result "1/2-1/2"]
[WhiteElo "2636"]
[BlackElo "2510"]

1.e4 c5 2.Nf3 d6 3.d4 cxd4 4.Nxd4 Nf6 5.Nc3 a6 6.g3 e5 7.Nde2 Be7 8.Bg2 Be6
9.h3 Nbd7 10.g4 Rc8 11.O-O Bc4 12.Re1 Nf8 13.Ng3 Ne6 14.Nd5 g6 15.Nxe7 Qxe7
16.Bh6 Bb5 17.Qd2 Ng8 18.Be3 Nf6 19.Rad1 Rd8 20.Bf3 O-O 21.Bh6 Rfe8 22.Kh2 Kh8
23.Bg2 Bc6 24.c4 Rg8 25.Be3 Rge8 26.Bb6 Rd7 27.Qe3 Rc8 28.b3 Ne8 29.Ne2 N8g7
30.Bh1 Rf8 31.f4 exf4 32.Nxf4 Nxf4 33.Qxf4 Qe5 34.Qxe5 dxe5 35.Rxd7 Bxd7
36.Rd1 Bc6 37.Kg3 Ne6 38.h4 f6 39.Rd6 Re8 40.Bf3 Kg7 41.Kf2 Kf7 42.Ke3 Re7
43.Ba5 Rd7 44.Bb4 Nf4 45.Rxd7+ Bxd7 46.Bd6 h5 47.gxh5 Nxh5 48.b4 Nf4 49.a3  1/2-1/2

[Event "Open"]
[Site "Ubeda ESP"]
[Date "2001.01.22"]
[Round "2"]
[White "Janev,E"]
[Black "Vera,R"]
[Result "1-0"]
[WhiteElo "2445"]
[BlackElo "2562"]

1.e4 c5 2.Nf3 d6 3.d4 cxd4 4.Nxd4 Nf6 5.Nc3 a6 6.g3 e5 7.Nb3 Nbd7 8.a4 b6
9.Bg2 Bb7 10.O-O Rc8 11.Qe2 Be7 12.f4 O-O 13.f5 Re8 14.g4 d5 15.exd5 e4 16.Rd1 Bb4
17.Rd4 Bxc3 18.bxc3 h6 19.c4 b5 20.axb5 axb5 21.cxb5 Ne5 22.c4 Nf3+ 23.Bxf3 exf3
24.Qxf3 Rxc4 25.Rxc4 Bxd5 26.Rd4 Bxf3 27.Rxd8 Rxd8 28.h3 Rd1+ 29.Kf2 Bd5
30.Nc5 Rh1 31.Kg3 Rg1+ 32.Kf4 Rh1 33.Ke5 Bg2 34.b6 Rxh3 35.g5 hxg5 36.Bxg5 Ng4+
37.Kd4 Nh6 38.Rg1 Bc6 39.Ke5 Rc3 40.Bxh6 Rxc5+ 41.Kd6 Rc2 42.Bxg7 Be4 43.Bf6+ Kh7
44.Rg4 Bxf5 45.Rg7+ Kh6 46.b7  1-0

[Event "Belgian Interteams 2000-1"]
[Site "BEL"]
[Date "2001.03.04"]
[Round "13"]
[White "Dgebuadze,A"]
[Black "Vanderstricht,G"]
[Result "1-0"]
[WhiteElo "2550"]
[BlackElo "2427"]

1.e4 c5 2.Nf3 d6 3.d4 cxd4 4.Nxd4 Nf6 5.Nc3 a6 6.g3 e5 7.Nde2 Be7 8.h3 b5
9.Bg2 Bb7 10.g4 b4 11.Nd5 Nxd5 12.exd5 a5 13.Ng3 Bg5 14.Bxg5 Qxg5 15.Nf5 Qf6
16.Qd2 O-O 17.Be4 Na6 18.h4 Nc5 19.f3 Bc8 20.O-O-O Bxf5 21.Bxf5 Rab8 22.Rh3 Rfe8
23.Qg5 Qxg5+ 24.hxg5 g6 25.Rdh1 gxf5 26.gxf5 Nd7 27.Rxh7 Nf8 28.Rh8+ Kg7
29.R8h6 f6 30.gxf6+ Kf7 31.Rg1 Ng6 32.Rgxg6  1-0

[Event "TCh-SVK"]
[Site "SVK"]
[Date "2001.03.18"]
[Round "11"]
[White "Ftacnik,L"]
[Black "Vojtek,V"]
[Result "1-0"]
[WhiteElo "2608"]
[BlackElo "2283"]

1.e4 c5 2.Nf3 d6 3.d4 cxd4 4.Nxd4 Nf6 5.Nc3 a6 6.g3 Bg4 7.f3 Bd7 8.Be3 Nc6
9.Qd2 e6 10.g4 h6 11.O-O-O Be7 12.h4 Qc7 13.Rg1 O-O-O 14.g5 Nh7 15.Nb3 hxg5
16.hxg5 Nf8 17.Qf2 Re8 18.Bb6 Qb8 19.Na4 Ng6 20.c4 Rh5 21.Be3 Qc7 22.Bb6 Qb8
23.f4 d5 24.Be3 Qc7 25.exd5 exd5 26.Nb6+ Kb8 27.Nxd5 Qd8 28.Nb6 Nf8 29.Nc5  1-0

[Event "ch-BUL Women"]
[Site "Plovdiv BUL"]
[Date "2001.03.21"]
[Round "2"]
[White "Djingarova,E"]
[Black "Doncheva,M"]
[Result "1-0"]
[WhiteElo "2235"]
[BlackElo "2085"]

1.e4 c5 2.Nf3 d6 3.d4 Nf6 4.Nc3 cxd4 5.Nxd4 a6 6.g3 g6 7.Bg2 Bg7 8.O-O O-O
9.h3 Nc6 10.Nde2 Rb8 11.a4 b6 12.Bg5 h6 13.Be3 Bb7 14.Qd2 Kh7 15.Rad1 Ne5
16.b3 b5 17.axb5 axb5 18.Nd5 Nfd7 19.Nd4 Nc5 20.f4 Ned7 21.b4 Na4 22.f5 g5
23.f6 Nxf6 24.Nf5 Nb2 25.Bxg5 Nc4 26.Qf4 Nxd5 27.exd5 e5 28.Bxd8 exf4 29.Bc7 Rbc8
30.Bxd6 Ne3 31.Bxf8 Bxf8 32.Nxe3 fxe3 33.Rxf7+ Kg6 34.Rxb7 Bxb4 35.Be4+ Kf6
36.Rb6+ Kg7 37.Rg6+ Kf8 38.Rf1+ Ke7 39.Re6+ Kd8 40.Bd3  1-0

[Event "ch-BUL Women"]
[Site "Plovdiv BUL"]
[Date "2001.03.28"]
[Round "9"]
[White "Andreeva,M"]
[Black "Genova,R"]
[Result "0-1"]
[WhiteElo "2218"]
[BlackElo "2198"]

1.e4 c5 2.Nf3 d6 3.d4 cxd4 4.Nxd4 Nf6 5.Nc3 a6 6.g3 e6 7.Bg2 Be7 8.O-O Qc7
9.h3 Nc6 10.Nde2 b5 11.a3 Bb7 12.g4 Nd7 13.Be3 Nde5 14.b3 Ng6 15.Qd2 h5 16.g5 Nh4
17.Bh1 f5 18.Nf4 Qd7 19.exf5 Ne5 20.f3 Nxf5 21.Nfe2 Rc8 22.Bf4 Ng6 23.Bh2 Qc6
24.Ne4 Qxc2 25.Rac1 Qxd2 26.Rxc8+ Bxc8 27.Nxd2 O-O 28.f4 Bd8 29.Rc1 Bd7 30.Be4 Bb6+
31.Kf1 Nge7 32.Bg1 Bxg1 33.Kxg1 Rd8 34.Bb7 a5 35.Nc3 Nd4 36.Kf2 Kf8 37.Ke3 Nef5+
38.Kd3 Ke7 39.Nce4 Rb8 40.Ba6 Bc6 41.Nf2 Kd7 42.a4 bxa4 43.bxa4 Bxa4 44.Rc4 Bb5
45.Bxb5+ Nxb5 46.Ra4 d5 47.Rxa5 Kd6 48.Nf3 Nc7  0-1

[Event "Zone 3.1a Women"]
[Site "Tehran IRI"]
[Date "2001.04.06"]
[Round "2"]
[White "Al Rufei,EH"]
[Black "Ghader Pour,S"]
[Result "0-1"]
[WhiteElo "2068"]
[BlackElo "2065"]

1.e4 c5 2.Nf3 d6 3.d4 cxd4 4.Nxd4 Nf6 5.Nc3 a6 6.g3 e6 7.Bg2 Be7 8.a4 O-O
9.O-O Nc6 10.Nb3 Qc7 11.Qe2 b6 12.f4 Rb8 13.Be3 Bb7 14.h3 Nb4 15.Rad1 d5
16.e5 Ne4 17.Nxe4 dxe4 18.c3 Nd3 19.Bd4 Nc5 20.Bxc5 bxc5 21.Nd2 Bc6 22.Nxe4 Bxa4
23.Nd6 Bxd1 24.Rxd1 Rfd8 25.Qxa6 Rb6 26.Qe2 Bxd6 27.exd6 Rbxd6 28.Rb1 c4
29.Kh1 Rd2 30.Qf1 Qc5 31.Be4 Qe3 32.Qf3 Qxf3+ 33.Bxf3 R8d3 34.Ra1 g6 35.Ra8+ Kg7
36.Be4 Re3  0-1

[Event "Open"]
[Site "Metz FRA"]
[Date "2001.04.11"]
[Round "5"]
[White "Dgebuadze,A"]
[Black "Komljenovic,D"]
[Result "1-0"]
[WhiteElo "2555"]
[BlackElo "2472"]

1.e4 c5 2.Nf3 d6 3.d4 cxd4 4.Nxd4 Nf6 5.Nc3 a6 6.Be3 Ng4 7.Bc1 Nf6 8.g3 Nc6
9.Bg2 Bg4 10.Nde2 Qc8 11.h3 Bd7 12.Nd5 Nxd5 13.exd5 Ne5 14.f4 Ng6 15.b3 e6
16.dxe6 fxe6 17.Bb2 e5 18.fxe5 dxe5 19.Qd3 Bb5 20.c4 Bb4+ 21.Bc3 Bc6 22.Bxb4 Bxg2
23.Rh2 Qc6 24.O-O-O Be4 25.Qe3 Rd8 26.Rxd8+ Kxd8 27.Nc3 Bf5 28.Rd2+ Ke8 29.g4 Be6
30.Ne4 a5 31.Ba3 h6 32.Nd6+ Kf8 33.Nxb7+ Kg8 34.Nd8 Qc8 35.Nxe6 Qxe6 36.Qe4 Kh7
37.h4  1-0

[Event "Spring Festival Women"]
[Site "Bucharest ROM"]
[Date "2001.04.12"]
[Round "7"]
[White "Teodorescu,M"]
[Black "Vajda,S"]
[Result "0-1"]
[WhiteElo "2060"]
[BlackElo "2316"]

1.e4 c5 2.Nf3 d6 3.d4 cxd4 4.Nxd4 Nf6 5.Nc3 a6 6.g3 g6 7.Bg2 Bg7 8.O-O O-O
9.h3 Bd7 10.Be3 Nc6 11.Nde2 b5 12.f4 Rc8 13.Nd5 Nxd5 14.exd5 Na5 15.c3 Nc4
16.Bc1 Qb6+ 17.Kh2 b4 18.Rf3 Bf5 19.Nd4 Be4 20.Rf2 Bxg2 21.Rxg2 Bxd4 22.cxd4 Qb5
23.Re2 Qxd5 24.Rxe7 Rfe8 25.Rxe8+ Rxe8 26.b3 Ne3 27.Bxe3 Rxe3 28.Rc1 Qe4  0-1

[Event "Zone 3.1a Women"]
[Site "Tehran IRI"]
[Date "2001.04.12"]
[Round "10"]
[White "Al Rufei,EH"]
[Black "Mahini,M"]
[Result "0-1"]
[WhiteElo "2068"]
[BlackElo "2018"]

1.e4 c5 2.Nf3 d6 3.d4 cxd4 4.Nxd4 Nf6 5.Nc3 a6 6.g3 e5 7.Nde2 Nbd7 8.Bg2 b5
9.a3 Bb7 10.h3 Be7 11.g4 O-O 12.Ng3 Rc8 13.h4 d5 14.Nf5 d4 15.Nd5 Bxd5 16.exd5 Nb6
17.g5 Nfxd5 18.Nxg7 Kxg7 19.Qh5 Qd6 20.Be4 Rh8 21.Qg4 Rcg8 22.Rg1 Kf8 23.Bd2 Nc4
24.O-O-O Nxb2 25.h5 Nxd1 26.Bxd5 Qxd5 27.Kxd1 Bxa3 28.Qc8+ Ke7 29.Qc7+ Ke6
30.f4 Qf3+ 31.Ke1 Bd6  0-1

[Event "Open"]
[Site "Dubai UAE"]
[Date "2001.04.22"]
[Round "7"]
[White "Heidenfeld,M"]
[Black "Bengafer,M"]
[Result "0-1"]
[WhiteElo "2403"]
[BlackElo "2245"]

1.e4 c5 2.Nf3 d6 3.d4 cxd4 4.Nxd4 Nf6 5.Nc3 a6 6.g3 e5 7.Nde2 Be7 8.Bg2 O-O
9.O-O Be6 10.h3 Nc6 11.Nd5 Rc8 12.Be3 Nd7 13.Qd2 Bxd5 14.exd5 Na5 15.b3 f5
16.c4 b6 17.Rac1 Bf6 18.f4 Nb7 19.fxe5 Bxe5 20.Bd4 Nbc5 21.Rc3 Ne4 22.Bxe4 fxe4
23.Rxf8+ Qxf8 24.Qe3 Qf5 25.g4 Qg6 26.Ng3 Bxg3 27.Qxg3 Re8 28.Kg2 b5 29.cxb5 axb5
30.Rc7 e3 31.Bxe3 Ne5 32.Qf4 Rf8 33.Qd4 h5 34.Bf2 hxg4 35.hxg4 Nxg4 36.Bg3 Ne5
37.Rc3 Qf5 38.Bxe5 Qf1+ 39.Kg3 Qe1+ 40.Kh3 dxe5 41.Qd3 Qh1+ 42.Kg3 e4 43.Qe2 Qg1+
44.Kh3 Qh1+ 45.Qh2 Rf3+ 46.Rxf3 Qxf3+ 47.Qg3 b4 48.Qxf3 exf3 49.Kg3 Kf7 50.Kxf3 Ke7  0-1

[Event "TCh-YUG Women"]
[Site "Herceg Novi YUG"]
[Date "2001.05.16"]
[Round "3"]
[White "Kalevic,S"]
[Black "Popovic,J"]
[Result "1-0"]
[WhiteElo "2266"]
[BlackElo "2016"]

1.e4 c5 2.Nf3 d6 3.d4 cxd4 4.Nxd4 Nf6 5.Nc3 a6 6.g3 e5 7.Nb3 Be7 8.a4 O-O
9.Bg2 Be6 10.O-O Nbd7 11.a5 b6 12.axb6 Nxb6 13.Na5 Qc8 14.Nd5 Nfxd5 15.exd5 Bd7
16.b3 Qc3 17.Bd2 Qc7 18.c4 f5 19.Qe2 Bf6 20.Rac1 e4 21.Rfd1 Nc8 22.b4 Ba4
23.Re1 Ne7 24.f3 Bb2 25.Rb1 Bd4+ 26.Be3 Bc3 27.Rec1 Bxb4 28.Rxb4 Qxa5 29.Rb7 Rae8
30.fxe4 fxe4 31.Bxe4 Nf5 32.Bxf5 Rxf5 33.Qb2 Rfe5 34.Rf1 R5e7 35.Rxe7 Rxe7
36.Qf2 Qd8 37.Bg5 Qe8 38.Bxe7 Qxe7 39.Ra1  1-0

[Event "IX Guillermo Garcia Mem"]
[Site "Santa Clara CUB"]
[Date "2001.05.28"]
[Round "5"]
[White "Felgaer,R"]
[Black "Gonzalez,Y"]
[Result "1/2-1/2"]
[WhiteElo "2481"]
[BlackElo "2426"]

1.e4 c5 2.Nf3 d6 3.d4 cxd4 4.Nxd4 Nf6 5.Nc3 a6 6.g3 Bg4 7.f3 Bd7 8.Be3 e6
9.Qd2 Nc6 10.g4 Nxd4 11.Qxd4 Bc6 12.O-O-O b5 13.g5 Nd7 14.Kb1 b4 15.Ne2 a5
16.h4 e5 17.Qd2 g6 18.h5 Rg8 19.hxg6 hxg6 20.Ng3 Be7 21.Bc4 Rf8 22.Rh7 Nb6
23.Bxb6 Qxb6 24.f4 Qc5 25.Bd5 exf4 26.Qxf4 Bxd5 27.exd5 Rc8 28.Rh2 Kd8 29.Ne4 Qc7
30.Re2 Qd7 31.Nf6 Qf5 32.Qd4 Bxf6 33.gxf6 Rc5 34.Rf2 Qe5 35.Qd3 Re8 36.Qa6 Qxd5
37.Qxd6+ Qxd6 38.Rxd6+ Kc7 39.Rd1 Rd5 40.Rh1 Ree5 41.c4 bxc3 42.Rh7 Rd7 43.bxc3 Kc6
44.Kc2 Rc7 45.Rh8 Re6 46.Rg8 Kc5 47.Rxg6 fxg6 48.f7 Rxf7 49.Rxf7 Re2+ 50.Kb3 a4+
51.Kxa4 Rxa2+ 52.Kb3 Rg2 53.Rc7+ Kb6 54.Rg7  1/2-1/2

[Event "Open"]
[Site "Estensi ITA"]
[Date "2001.06.09"]
[Round "8"]
[White "Trabert,B"]
[Black "Tatai,S"]
[Result "1-0"]
[WhiteElo "2269"]
[BlackElo "2352"]

1.e4 c5 2.Nf3 d6 3.d4 cxd4 4.Nxd4 Nf6 5.Nc3 a6 6.g3 e5 7.Nb3 Be7 8.Bg2 O-O
9.O-O Be6 10.a4 Nc6 11.Nd5 Bxd5 12.exd5 Na5 13.Nxa5 Qxa5 14.Bd2 Qc7 15.a5 b5
16.axb6 Qxb6 17.b3 Rfb8 18.Re1 Bd8 19.Ra4 Qa7 20.Qe2 Rb5 21.Rea1 Qb7 22.Bf1 Rb8
23.Rxa6 Rxd5 24.c4 Rc5 25.b4 Rc6 26.Ra7 Qc8 27.b5 Rc7 28.Be3 Rxa7 29.Rxa7 h6
30.Bg2 Qf5 31.Qd1 Bb6 32.Bxb6 Rxb6 33.h3 Qe6 34.Ra6 Rb8 35.Qxd6  1-0